000 00793nam a2200229 a 4500
001 49065
003 BD-RjUL
005 20211209054629.0
008 160817s1983 bg ||||| |||| 00| 0 ben d
020 _c: Tk.15.00
035 _a(BD-RjUL)49184
040 _aBD-RjUL
_bben
_cBD-RjUL
_dBD-RjUL
041 _aben
082 _223
_a891.441
_bHUS 1983
100 _aহুদা, মূহম্মদ নূরুল
_9147616
245 1 0 _aশুক্লা শকুন্তলা /
_cমূহম্মদ নূরুল হুদা
260 _aঢাকা :
_bবেঙ্গল প্রকাশনী,
_c১৯৮৩
300 _a৩২ পৃ. ;
_c১৭ সেমি.
650 _aবাংলা কবিতা
_9147617
650 _aBengali poetry
_9147618
942 _2ddc
_cBK
999 _c49065
_d49065